Polskie miasta z satelity #3 - Statystyki

Ogólne statystyki
  • Ten quiz został rozwiązany 30 razy
  • Średni wynik to 4 z 16
Statystyki odpowiedzi
Obrazkowy Odpowiedź % Poprawnych
Olsztyn
65%
Wrocław
65%
Łódź
62%
Gorzów Wielkopolski
31%
Zabrze
31%
Nowy Sącz
27%
Tychy
23%
Sosnowiec
19%
Chełm
15%
Leszno
15%
Łomża
15%
Racibórz
12%
Słupsk
12%
Wrocławek
12%
Gniezno
4%
Skierniewice
4%
Nie znaleziono quizów pasujących do podanych kryteriów
Rozkład punktacji
Procent ludzi z każdym wynikiem
Percentyl według liczby udzielonych odpowiedzi
Twoja historia wyników
Nie rozwiązałeś tego quizu